Guanacaste: fraccionamiento del latifundio y capitalismo (Avance de Investigación)

שמור ב:
מידע ביבליוגרפי
מחבר תאגידי: Universidad Nacional. Facultad de Ciencias de la Tierra y el Mar. Escuela de Ciencias Agrarias
פורמט: Texto
יצא לאור: Heredia: UNA
תגים: הוספת תג
אין תגיות, היה/י הראשונ/ה לתייג את הרשומה!

MARC

LEADER 00000 a a2200000 04500
001 22603
003
040
090 |a 154300  
110 |a Universidad Nacional. Facultad de Ciencias de la Tierra y el Mar. Escuela de Ciencias Agrarias  
245 |a Guanacaste: fraccionamiento del latifundio y capitalismo (Avance de Investigación)  
260 |a Heredia:   |b UNA  
300 |a 32 p   |b **no definido**  
999 |c 2431  |d 2431